The novels of Ernest Hemingway : a critical study /

Xehetasun bibliografikoak
Egile nagusia: Shams, Ishteyaque
Formatua: Liburua
Hizkuntza:English
Argitaratua: New Delhi : Atlantic, c2002.
Gaiak:
Classic Catalogue: View this record in Classic Catalogue
LEADER 01046nam a2200241 a 4500
001 0017423
003 BD-DhAAL
008 090706s2002 ii 001 0 eng d
020 |a 8126901675 
040 |a Uk  |c Uk  |d BD-DhAAL 
082 0 0 |a 823.01  |2 21 
100 |a Shams, Ishteyaque.  |9 686 
245 1 4 |a The novels of Ernest Hemingway :  |b a critical study /  |c Ishteyaque Shams. 
260 |a New Delhi :  |b Atlantic,  |c c2002. 
300 |a 154 p. ;  |c 23 cm 
504 |a Includes bibliographical references. 
526 |a ENH  |x Professor Syed Manzoorul Islam Coordinator Department of English and Humanities BRAC University 
541 1 |e 0017423  |a Friends' Book Corner 
650 0 |a Short Stories  |x English. 
852 4 |a Ayesha Abed Library  |c General Stacks 
942 |2 ddc  |c BK 
999 |c 8814  |d 8814 
952 |0 0  |1 0  |2 ddc  |4 0  |6 823_010000000000000_SHA_2002  |7 0  |9 10695  |a BRACUL  |b BRACUL  |c GEN  |d 2010-06-06  |e Friends' Book Corner  |g 700.00  |l 11  |m 66  |o 823.01 SHA  |p 3010017423  |r 2025-06-23  |s 2025-03-11  |t 1  |w 2010-06-06  |y BK  |x Requisitioned by Professor Syed Manzoorul Islam (Coordinator).